|
|
|
|
| LEADER |
00000nam0a2200000 4500 |
| 001 |
683704 |
| 005 |
20251211142524.0 |
| 090 |
|
|
|a 683704
|
| 100 |
|
|
|a 20251211d1977 km|y0rusy50 ca
|
| 101 |
0 |
|
|a rus
|
| 102 |
|
|
|a KZ
|
| 105 |
|
|
|a a z 001yy
|
| 181 |
|
0 |
|a i
|b e
|
| 182 |
|
0 |
|a n
|
| 183 |
|
0 |
|a nc
|2 RDAcarrier
|
| 200 |
1 |
|
|a Теоретические и прикладные задачи математики и механики
|f Академия наук Казахской ССР, Институт математики и механики ; отв. ред. Т. И. Аманов
|e сборник статей
|
| 203 |
|
|
|a Текст
|b визуальный
|c непосредственный
|
| 210 |
|
|
|a Алма-Ата
|c Наука
|d 1977
|
| 215 |
|
|
|a 320 с.
|c ил.
|
| 283 |
|
|
|a volume
|2 RDAcarrier
|
| 320 |
|
|
|a Литература в конце статей
|
| 606 |
1 |
|
|a Математика
|2 stltpush
|3 (RuTPU)RU\TPU\subj\67327
|9 83171
|
| 606 |
1 |
|
|a Механика общая
|2 stltpush
|3 (RuTPU)RU\TPU\subj\46637
|9 65755
|
| 610 |
1 |
|
|a теория
|
| 610 |
1 |
|
|a прикладные задачи
|
| 610 |
1 |
|
|a теоретические задачи
|
| 610 |
1 |
|
|a дифференциальные уравнения
|
| 610 |
1 |
|
|a решения
|
| 610 |
1 |
|
|a математическая физика
|
| 610 |
1 |
|
|a вычислительная математика
|
| 610 |
1 |
|
|a математическое моделирование
|
| 610 |
1 |
|
|a оптимизация
|
| 675 |
|
|
|a 51
|v 4
|
| 675 |
|
|
|a 531
|v 4
|
| 702 |
|
1 |
|a Аманов
|b Т. И.
|4 340
|
| 712 |
0 |
2 |
|a Академия наук Казахской ССР
|b Институт математики и механики
|c (Алма-Ата)
|c (1965-1992)
|9 26219
|4 570
|
| 801 |
|
0 |
|a RU
|b 63413507
|c 20251211
|
| 830 |
|
|
|a Ретро2025Каталогизация Шило
|
| 942 |
|
|
|c BK
|